000
00317nam a22001337a 4500
003
SGT
020
_a
9788179104774
082
_a
428.007,JAI
100
_a
JAIN PRAVEEN M
245
_a
METHODOLOGY OF TEACHING ENGLISH
260
_a
JAIPUR
_b
AAVISHKAR PUBLISHERS DISTRIBUTORS
_c
2014
300
_a
237
942
_2
ddc
_c
BK
999
_c
33989
_d
33989